| Tag |
First Indicator |
Second Indicator |
Subfields |
| LEADER |
00000cam a2200000 a 4500 |
| 001 |
in00002786046 |
| 006 |
m o d |
| 007 |
cr cn||||||||| |
| 008 |
120928s2012 ncu ob 001 0 eng d |
| 005 |
20250816210012.1 |
| 010 |
|
|
|z 2012036435
|
| 020 |
|
|
|z 9780786471867 (softcover : alk. paper)
|
| 020 |
|
|
|z 9781476600604 (e-book)
|
| 035 |
|
|
|a (CaPaEBR)ebr10614083
|
| 040 |
|
|
|a CaPaEBR
|c CaPaEBR
|d UtOrBLW
|
| 050 |
1 |
4 |
|a PN1995
|b .W384 2012eb
|
| 082 |
0 |
4 |
|a 791.4301
|2 23
|
| 100 |
1 |
|
|a Weishaar, Schuy R.
|
| 245 |
1 |
0 |
|a Masters of the grotesque :
|b the cinema of Tim Burton, Terry Gilliam, the Coen brothers and David Lynch /
|c Schuy R. Weishaar.
|
| 264 |
|
1 |
|a Jefferson, N.C. :
|b McFarland & Co., Inc., Publishers,
|c [2012]
|
| 300 |
|
|
|a 1 online resource (vii, 211 pages)
|
| 336 |
|
|
|a text
|b txt
|2 rdacontent
|
| 337 |
|
|
|a computer
|b c
|2 rdamedia
|
| 338 |
|
|
|a online resource
|b cr
|2 rdacarrier
|
| 504 |
|
|
|a Includes bibliographical references and index.
|
| 505 |
0 |
|
|a Pt. 1. The philosophy of the grotesque -- Art, being and contrast -- metaphysics, myth and purgatory -- Pt. 2. Interpolarity: binaries of the grotesque -- Tim Burton's two worlds -- Terry Gilliam's mythic madness -- pt. 3. Menacing invasions: the hazards of time and subjectivity -- The mundane and the catastrophic in the films of Joel and Ethan Coen -- Obliterating the subject in the cinematic world of David Lynch -- Pt. 4. Into the world and back again: from politics to paradox -- Politics, culture and the grotesque family in hippie-slasher-horror -- grim reveries, or the ambiguities.
|
| 520 |
|
|
|a "The concepts and theories surrounding the aesthetic category of the grotesque are explored in this book by pursuing their deployment in the films of American auteurs Tim Burton, Terry Gilliam, the Coen Brothers and David Lynch"--Provided by publisher.
|
| 500 |
|
|
|a Electronic resource.
|
| 650 |
|
0 |
|a Motion pictures
|x Aesthetics.
|
| 650 |
|
0 |
|a Grotesque in motion pictures.
|
| 650 |
|
0 |
|a Motion pictures
|x Philosophy.
|
| 655 |
|
7 |
|a Electronic books.
|2 local
|
| 710 |
2 |
|
|a ebrary, Inc.
|
| 856 |
4 |
0 |
|u https://ebookcentral.proquest.com/lib/tamucs/detail.action?docID=1044694
|y Connect to the full text of this electronic book
|t 0
|
| 980 |
|
|
|a 121120
|b 35
|c USD
|e 52.5
|f YBP_EBR0000047227
|g 1
|
| 999 |
f |
f |
|s 4fbdbe05-777f-3fb5-824b-26591f0e1025
|i 5e6da4b6-5508-3f6e-b622-e3906725fb18
|t 0
|
| 999 |
|
|
|a MARS
|
| 952 |
f |
f |
|a Texas A&M University
|b College Station
|c Electronic Resources
|d Available Online
|t 0
|e PN1995 .W384 2012eb
|h Library of Congress classification
|
| 998 |
f |
f |
|a PN1995 .W384 2012eb
|t 0
|l Available Online
|